[Event "III Open del Martedi' B"]
[Site "Torino ITA"]
[Date "2013.10.01"]
[Round "3"]
[White "Castelli, Giovanni J."]
[Black "Leoni, Alessandro"]
[WhiteElo "1818"]
[BlackElo "1865"]
[Result "0-1"]
[PlyCount "62"]
[EventDate "2013.09.17"]

1. c4 g6 2. Nc3 Bg7 3. g3 c5 4. Bg2 e6 5. e3 Ne7 6. Nge2 Nbc6 7. O-O O-O 8. d4
d6 9. a3 Na5 10. b3 Qb6 11. Rb1 Nac6 12. Na4 Qc7 13. dxc5 d5 14. cxd5 exd5 15.
Bb2 Ne5 16. Nd4 Bd7 17. b4 Nc4 18. Nc3 Qe5 19. Bc1 Bf5 20. Nxf5 Qxf5 21. e4
dxe4 22. Nxe4 Rad8 23. Qb3 Rd4 24. Qf3 Rfd8 25. Bf4 Rd3 26. Qe2 Nxa3 27. Nd6
R3xd6 28. cxd6 Nxb1 29. dxe7 Re8 30. Be4 Nc3 31. Bxf5 Nxe2+ 0-1

[Event "III Open del Martedi' B"]
[Site "Torino ITA"]
[Date "2013.10.01"]
[Round "3"]
[White "Femia, Nicola"]
[Black "Blundo, Michele"]
[WhiteElo "1828"]
[BlackElo "1688"]
[Result "1-0"]
[PlyCount "79"]
[EventDate "2013.09.17"]

1. d4 d5 2. c4 c6 3. cxd5 cxd5 4. Nc3 Nf6 5. Nf3 e6 6. e3 a6 7. Bd3 Be7 8. O-O
O-O 9. Bd2 Nc6 10. Rc1 Re8 11. a3 b5 12. Nxb5 axb5 13. Rxc6 Bb7 14. Bxb5 Nd7
15. Rc1 Rf8 16. Bd3 Ba6 17. Bxa6 Rxa6 18. Qe2 Qb6 19. Bc3 Re8 20. h3 Qb7 21.
Rc2 Bd6 22. Rfc1 Raa8 23. Ne5 Nf8 24. Nd3 Nd7 25. Bb4 Qb8 26. Bxd6 Qxd6 27. Rc6
Qf8 28. Nb4 Rac8 29. Qa6 Rxc6 30. Nxc6 g6 31. Qb7 Nb8 32. Ne5 Re7 33. Rc7 Rxc7
34. Qxc7 f6 35. Nd7 Nxd7 36. Qxd7 Qf7 37. Qxf7+ Kxf7 38. b4 Ke7 39. b5 Kd7 40.
a4 1-0

[Event "III Open del Martedi' B"]
[Site "Torino ITA"]
[Date "2013.10.01"]
[Round "3"]
[White "Gussone, Claudio"]
[Black "Gastaldi, Franco"]
[WhiteElo "1763"]
[BlackElo "1737"]
[Result "1-0"]
[PlyCount "93"]
[EventDate "2013.09.17"]

1. Nf3 d5 2. g3 Nf6 3. Bg2 Bf5 4. O-O e6 5. d4 Nbd7 6. Nbd2 c6 7. c4 Be7 8. c5
O-O 9. b4 a6 10. Nh4 Bg4 11. h3 Bh5 12. Nhf3 Qc7 13. Bb2 b5 14. Ne5 Nxe5 15.
dxe5 Nd7 16. f4 a5 17. a3 axb4 18. axb4 Ra7 19. Rxa7 Qxa7 20. g4 Bg6 21. Nf3
Qa2 22. Qd2 Qc4 23. Nd4 Nb8 24. f5 exf5 25. gxf5 Bh5 26. f6 Bd8 27. Qg5 Bg6 28.
Nf5 Qxe2 29. Bd4 Qh5 30. Qg3 gxf6 31. exf6 Nd7 32. Nd6 Bc7 33. Bf3 Qh6 34. Re1
Qd2 35. Rd1 Qh6 36. Bg4 Rd8 37. Re1 Qd2 38. Bc3 Qd3 39. Qxd3 Bxd3 40. Bxd7 Bxd6
41. cxd6 Be4 42. Bxc6 Rxd6 43. Bxb5 Rb6 44. Bd3 Re6 45. Bxe4 dxe4 46. Kf2 Rc6
47. Rxe4 1-0

[Event "III Open del Martedi' B"]
[Site "Torino ITA"]
[Date "2013.10.08"]
[Round "4"]
[White "Blundo, Michele"]
[Black "Tondo, Stefano"]
[WhiteElo "1688"]
[BlackElo "1751"]
[Result "1-0"]
[PlyCount "22"]
[EventDate "2013.09.17"]

1. d4 f5 2. c4 Nf6 3. Nc3 g6 4. g3 Bg7 5. Bg2 O-O 6. e4 fxe4 7. Nxe4 Nxe4 8.
Bxe4 Nc6 9. Be3 Qe8 10. Qd2 Qf7 11. Rc1 Qf6 1-0

[Event "III Open del Martedi' B"]
[Site "Torino ITA"]
[Date "2013.10.08"]
[Round "4"]
[White "Femia, Nicola"]
[Black "Castelli, Giovanni"]
[WhiteElo "1828"]
[BlackElo "1610"]
[Result "0-1"]
[PlyCount "106"]
[EventDate "2013.09.17"]

1. d4 d5 2. c4 dxc4 3. Nc3 a6 4. a4 e5 5. d5 Nf6 6. e4 Bb4 7. Qc2 c6 8. Bxc4
cxd5 9. exd5 O-O 10. Bd2 Qd6 11. Nge2 Bg4 12. Rf1 Nbd7 13. f3 Bh5 14. Ng3 Bg6
15. Nge4 Qc7 16. Bd3 Nb6 17. Nxf6+ gxf6 18. Ne4 Bxd2+ 19. Qxd2 Nxd5 20. Rc1 Qb6
21. a5 Qe3+ 22. Qxe3 Nxe3 23. Rf2 Kg7 24. Rc7 Rab8 25. Rd2 Rfc8 26. Rd7 Rd8 27.
Bb1 Rxd7 28. Rxd7 Nxg2+ 29. Kf2 Nf4 30. Ba2 b6 31. Bc4 bxa5 32. b3 a4 33. bxa4
Rb2+ 34. Rd2 Rxd2+ 35. Nxd2 Bc2 36. a5 Bd3 37. Ke3 Bxc4 38. Nxc4 Kf8 39. Ke4
Ke7 40. Ne3 Ke6 41. Nc2 f5+ 42. Ke3 Nd5+ 43. Kd3 Kd6 44. Kc4 Kc6 45. h3 h5 46.
h4 f6 47. f4 Kd6 48. Ne1 Nxf4 49. Nf3 Ng2 50. Kb4 Kd5 51. Nd2 e4 52. Nc4 e3 53.
Nb6+ Kd4 0-1

[Event "III Open del Martedi' B"]
[Site "Torino ITA"]
[Date "2013.10.08"]
[Round "4"]
[White "Gastaldi, Franco"]
[Black "Plenzick, Angelo"]
[WhiteElo "1737"]
[BlackElo "1752"]
[Result "1/2-1/2"]
[PlyCount "102"]
[EventDate "2013.09.17"]

1. d4 d5 2. e4 c6 3. Nc3 dxe4 4. f3 e6 5. fxe4 Bb4 6. a3 Bxc3+ 7. bxc3 Qh4+ 8.
Kd2 Qxe4 9. Nf3 Nf6 10. Bd3 Qd5 11. c4 Qa5+ 12. Ke2 Nbd7 13. Re1 O-O 14. Bd2
Qc7 15. Kf1 b6 16. Qc1 Bb7 17. Bf4 Qd8 18. Bg5 Qc8 19. Qf4 c5 20. Ne5 cxd4 21.
Nxd7 Nxd7 22. Qh4 g6 23. Qxd4 e5 24. Qh4 Qc6 25. Qh3 f5 26. Re3 e4 27. Rae1
exd3 28. Re7 Qxg2+ 29. Qxg2 Bxg2+ 30. Kxg2 d2 31. Bxd2 Rf7 32. Bh6 Nf6 33. h3
Ne4 34. Re5 Rd8 35. Rd1 Rfd7 36. Re8+ Rxe8 37. Rxd7 Nc5 38. Rg7+ Kh8 39. Rxa7
Re2+ 40. Kf3 Re8 41. Bg7+ Kg8 42. Bh6 Ne6 43. Rb7 Nd4+ 44. Kf4 Nxc2 45. Rg7+
Kh8 46. Ra7 Rc8 47. Kg5 f4 48. Kf6 Kg8 49. Rg7+ Kh8 50. Rb7 Kg8 51. Rg7+ Kh8
1/2-1/2

[Event "III Open del Martedi' B"]
[Site "Torino ITA"]
[Date "2013.10.08"]
[Round "4"]
[White "Leoni, Alessandro"]
[Black "Gussone, Claudio"]
[WhiteElo "1865"]
[BlackElo "1763"]
[Result "1-0"]
[PlyCount "93"]
[EventDate "2013.09.17"]

1. e4 d5 2. exd5 Qxd5 3. Nc3 Qa5 4. Nf3 Nf6 5. d4 Bf5 6. Bd2 c6 7. Bc4 e6 8.
Qe2 Bd6 9. Nb5 Qd8 10. Nxd6+ Qxd6 11. O-O-O b5 12. Bd3 Bxd3 13. Qxd3 O-O 14.
Ne5 Nbd7 15. Bf4 Qd5 16. Kb1 b4 17. Qf3 Nb6 18. Nxc6 Qxf3 19. gxf3 a5 20. Rhg1
Rfe8 21. Bc7 Nc4 22. Ne5 Rec8 23. Nxc4 Rxc7 24. Ne3 Nd7 25. Rg5 g6 26. d5 e5
27. Rg4 Rb8 28. Rc4 Rcb7 29. d6 Kg7 30. Rc7 Kf6 31. Nc4 a4 32. Na5 Rb5 33. Rxd7
Rxa5 34. Rc7 Rd8 35. Rb7 b3 36. axb3 axb3 37. Rxb3 Ke6 38. Rb7 Ra6 39. d7 Ra4
40. c3 Rh4 41. b4 Rxh2 42. c4 Rh4 43. c5 Rc4 44. Kb2 Rd4 45. Rb6+ Kd5 46. Rd6+
Kc4 47. c6 1-0

[Event "III Open del Martedi' B"]
[Site "Torino ITA"]
[Date "2013.10.15"]
[Round "5"]
[White "Castelli, Giovanni J."]
[Black "Blundo, Michele"]
[WhiteElo "1818"]
[BlackElo "1688"]
[Result "1-0"]
[PlyCount "55"]
[EventDate "2013.09.17"]

1. e4 c5 2. Nf3 d6 3. d4 cxd4 4. Nxd4 Nf6 5. Nc3 a6 6. g3 e5 7. Nde2 Be7 8. Bg2
Bd7 9. O-O Qc8 10. Bg5 Bc6 11. Bxf6 Bxf6 12. Qxd6 Qd7 13. Qxd7+ Nxd7 14. Rad1
O-O 15. Nd5 Bd8 16. c4 b5 17. Nb4 Nb8 18. Nxc6 Nxc6 19. c5 Be7 20. Rd5 Rad8 21.
a3 Nd4 22. Nxd4 exd4 23. b4 Rxd5 24. exd5 Bd8 25. Re1 a5 26. d6 axb4 27. axb4
d3 28. Rd1 1-0

[Event "III Open del Martedi' B"]
[Site "Torino ITA"]
[Date "2013.10.15"]
[Round "5"]
[White "Gussone, Claudio"]
[Black "Femia, Nicola"]
[WhiteElo "1763"]
[BlackElo "1828"]
[Result "1-0"]
[PlyCount "170"]
[EventDate "2013.09.17"]

1. Nf3 d5 2. g3 Nf6 3. Bg2 g6 4. O-O Bg7 5. c4 c6 6. cxd5 cxd5 7. d4 O-O 8. Nc3
Nc6 9. Bf4 a6 10. Rc1 Bf5 11. Re1 Be4 12. Ne5 Bxg2 13. Kxg2 Nh5 14. Nxc6 Nxf4+
15. gxf4 bxc6 16. e3 e6 17. Na4 Rc8 18. Qe2 Qh4 19. h3 g5 20. fxg5 Qxg5+ 21.
Qg4 Qg6 22. Qxg6 hxg6 23. Rc5 e5 24. dxe5 Bxe5 25. Rec1 Rb8 26. b3 Bd6 27. Rxc6
Ba3 28. Rd1 Rfd8 29. Rxa6 Be7 30. Ra5 Rbc8 31. Nb6 Rc2 32. Nxd5 Bh4 33. Rf1 Rd2
34. e4 Rc8 35. Ne3 Bd8 36. Ra6 Bh4 37. Kf3 Rc3 38. b4 Bg5 39. Re1 Bh4 40. Re2
Rdd3 41. b5 Bd8 42. b6 Ra3 43. Rxa3 Rxa3 44. b7 Bc7 45. Rc2 Be5 46. b8=Q+ Bxb8
47. Rc8+ Kg7 48. Rxb8 Rxa2 49. Rb7 Ra3 50. Kf4 Kf8 51. f3 g5+ 52. Kxg5 Rxe3 53.
Kg4 Kg7 54. Rb2 Re1 55. Rg2 Kf6 56. h4 Rh1 57. h5 Kg7 58. Rg3 Kh6 59. Rh3 Rg1+
60. Kf4 Rg5 61. Ke3 Rb5 62. Rh4 Rb4 63. f4 Rb1 64. Kd4 Rb4+ 65. Ke5 Rb6 66. Kf5
Re6 67. e5 Rb6 68. Rh2 Re6 69. Rg2 Kh7 70. Rg6 Re7 71. Rc6 Kg7 72. e6 fxe6+ 73.
Rxe6 Rf7+ 74. Kg5 Rb7 75. f5 Kh7 76. Kf6 Kh6 77. Re7 Rb6+ 78. Kf7 Kxh5 79. f6
Kh6 80. Re6 Rb7+ 81. Kf8 Rb8+ 82. Re8 Rb6 83. f7 Kh7 84. Ke7 Rb7+ 85. Kf6 Rb6+
1-0

[Event "III Open del Martedi' B"]
[Site "Torino ITA"]
[Date "2013.10.15"]
[Round "5"]
[White "Plenzick, Angelo"]
[Black "Leoni, Alessandro"]
[WhiteElo "1752"]
[BlackElo "1865"]
[Result "1/2-1/2"]
[PlyCount "67"]
[EventDate "2013.09.17"]

1. f4 c5 2. Nf3 g6 3. c4 Bg7 4. Nc3 Nc6 5. e3 d6 6. g3 Nf6 7. Bg2 Bf5 8. d3 Qd7
9. O-O Bh3 10. a3 O-O 11. Re1 Bxg2 12. Kxg2 d5 13. e4 dxe4 14. dxe4 Qxd1 15.
Rxd1 Rfd8 16. Be3 b6 17. Ng5 Ng4 18. Bg1 Na5 19. h3 Nf6 20. e5 Ne8 21. Nd5 e6
22. Ne3 h6 23. Nf3 Nb3 24. Rxd8 Rxd8 25. Rd1 Rxd1 26. Nxd1 Na5 27. Ne3 f6 28.
b4 cxb4 29. axb4 Nc6 30. exf6 Nxf6 31. c5 Nxb4 32. cxb6 axb6 33. Nc4 b5 34. Nd6
1/2-1/2

[Event "III Open del Martedi' B"]
[Site "Torino ITA"]
[Date "2013.10.15"]
[Round "5"]
[White "Tondo, Stefano"]
[Black "Gastaldi, Franco"]
[WhiteElo "1751"]
[BlackElo "1737"]
[Result "1/2-1/2"]
[PlyCount "120"]
[EventDate "2013.09.17"]

1. e4 d5 2. exd5 Qxd5 3. Nc3 Qd6 4. d4 Nf6 5. Bd3 c6 6. Nge2 Bg4 7. Be3 e6 8.
Qd2 Qc7 9. f3 Bh5 10. Ne4 Nbd7 11. O-O-O Nxe4 12. fxe4 O-O-O 13. h3 Nb6 14. Qa5
Nd5 15. Qxc7+ Nxc7 16. g4 Bg6 17. Nf4 Be7 18. h4 f6 19. Nxg6 hxg6 20. Bc4 a6
21. Bf4 Bd6 22. Bxd6 Rxd6 23. c3 f5 24. Bd3 fxe4 25. Bxe4 g5 26. hxg5 Rxh1 27.
Rxh1 Nd5 28. Rh7 Rd7 29. Rh8+ Kc7 30. Re8 Re7 31. Rxe7+ Nxe7 32. c4 b6 33. Kd2
Kd6 34. Kd3 e5 35. Bf5 exd4 36. Kxd4 c5+ 37. Ke4 a5 38. Kf4 Nc6 39. Be4 Nb4 40.
a3 Na6 41. Kf5 Ke7 42. Ke5 Nc7 43. Bf5 Ne8 44. Kd5 a4 45. Bc2 Nd6 46. Bxa4 Nf7
47. g6 Nd6 48. b4 cxb4 49. axb4 Nc8 50. Kc6 Nd6 51. c5 bxc5 52. bxc5 Nc4 53.
Kc7 Ne5 54. Bc2 Nxg4 55. c6 Ne5 56. Kb7 Nxc6 57. Kxc6 Kf8 58. Bb3 Ke7 59. Kc7
Kf8 60. Kc6 Ke7 1/2-1/2

[Event "III Open del Martedi' B"]
[Site "Torino ITA"]
[Date "2013.10.22"]
[Round "6"]
[White "Blundo, Michele"]
[Black "Gastaldi, Franco"]
[WhiteElo "1688"]
[BlackElo "1737"]
[Result "1/2-1/2"]
[PlyCount "37"]
[EventDate "2013.09.17"]

1. d4 d5 2. Nf3 Nf6 3. Nbd2 Bf5 4. e3 e6 5. a3 Nbd7 6. c4 c5 7. cxd5 exd5 8.
dxc5 Bxc5 9. b4 Be7 10. Bb2 O-O 11. Be2 Rc8 12. Rc1 Rxc1 13. Qxc1 Qc8 14. O-O
Ne4 15. Nb3 Bf6 16. Nbd4 Bg4 17. Rd1 Nb6 18. h3 Bh5 19. Qa1 1/2-1/2

[Event "III Open del Martedi' B"]
[Site "Torino ITA"]
[Date "2013.10.22"]
[Round "6"]
[White "Castelli, Giovanni J."]
[Black "Gussone, Claudio"]
[WhiteElo "1818"]
[BlackElo "1763"]
[Result "0-1"]
[PlyCount "68"]
[EventDate "2013.09.17"]

1. e4 d5 2. exd5 Qxd5 3. Nc3 Qa5 4. g3 c6 5. Bg2 Nf6 6. Nge2 Bg4 7. h3 Bh5 8.
b4 Qc7 9. O-O e6 10. Rb1 Nd5 11. Nxd5 cxd5 12. d3 Nc6 13. g4 Bg6 14. Qe1 Bd6
15. b5 Ne7 16. Qc3 Qxc3 17. Nxc3 Rc8 18. Rb3 b6 19. Bb2 h5 20. f3 Bc5+ 21. Kh1
Be3 22. Nd1 Bf4 23. Rf2 e5 24. Re2 d4 25. Ba3 Nd5 26. Bb2 Kd7 27. Nf2 Be3 28.
Ne4 Nf4 29. Re1 Rxc2 30. Bf1 hxg4 31. fxg4 Nxh3 32. Rxe3 dxe3 33. Ng3 Nf2+ 34.
Kg1 e2 0-1

[Event "III Open del Martedi' B"]
[Site "Torino ITA"]
[Date "2013.10.22"]
[Round "6"]
[White "Femia, Nicola"]
[Black "Plenzick, Angelo"]
[WhiteElo "1828"]
[BlackElo "1752"]
[Result "1-0"]
[PlyCount "77"]
[EventDate "2013.09.17"]

1. d4 d5 2. Nf3 Nf6 3. c4 dxc4 4. Nc3 Nc6 5. e4 e5 6. d5 Nd4 7. Nxd4 exd4 8.
Qxd4 c6 9. Bg5 Be7 10. Bxf6 Bxf6 11. e5 Qe7 12. f4 O-O 13. d6 Qe8 14. Bxc4 Bd8
15. Bd3 Be6 16. O-O-O Bb6 17. Qe4 g6 18. Qe1 Rd8 19. Ne4 f5 20. Nc3 Qf7 21. Kb1
a5 22. Bc2 Ra8 23. Qd2 Rfd8 24. Na4 Bxa2+ 25. Ka1 Ba7 26. Qc3 Bd5 27. Rxd5 cxd5
28. Bb3 Kg7 29. Qf3 Qd7 30. Qxd5 Rac8 31. Rd1 b5 32. e6 Qxd6 33. Qxd6 Rxd6 34.
Rxd6 bxa4 35. Bxa4 Rc1+ 36. Ka2 Bc5 37. Rd7+ Kh6 38. Rc7 Rc4 39. Bb5 1-0

[Event "III Open del Martedi' B"]
[Site "Torino ITA"]
[Date "2013.10.22"]
[Round "6"]
[White "Leoni, Alessandro"]
[Black "Tondo, Stefano"]
[WhiteElo "1865"]
[BlackElo "1751"]
[Result "1-0"]
[PlyCount "38"]
[EventDate "2013.09.17"]

1. e4 e5 2. Bc4 Nf6 3. d3 d6 4. f4 Be7 5. Nf3 Nbd7 6. O-O O-O 7. Nc3 c6 8. a4
h6 9. a5 b6 10. axb6 Qxb6+ 11. Kh1 Ng4 12. Qe2 exf4 13. Na4 Qa5 14. Bxf4 Nge5
15. Bb3 Ng6 16. Bg3 Qh5 17. Nd4 Bh4 18. Bxd6 Be7 19. Bg3 Bd6 1-0

[Event "III Open del Martedi' B"]
[Site "Torino ITA"]
[Date "2013.10.29"]
[Round "7"]
[White "Gastaldi, Franco"]
[Black "Leoni, Alessandro"]
[WhiteElo "1737"]
[BlackElo "1865"]
[Result "1/2-1/2"]
[PlyCount "69"]
[EventDate "2013.09.17"]

1. d4 Nf6 2. Nc3 d6 3. e4 e5 4. dxe5 dxe5 5. Qxd8+ Kxd8 6. Bg5 Be6 7. O-O-O+
Nbd7 8. Nd5 Kc8 9. Nxf6 gxf6 10. Be3 Bd6 11. Ne2 Rd8 12. Nc3 Nc5 13. f3 a6 14.
Bxc5 Bxc5 15. Rxd8+ Kxd8 16. Nd5 f5 17. Nc3 c6 18. Bd3 fxe4 19. Nxe4 Be3+ 20.
Kb1 f5 21. Nd6 Kc7 22. Nxf5 Bc5 23. Re1 Rg8 24. g4 Bxf5 25. Bxf5 Bd6 26. h4 h6
27. c4 Be7 28. Rxe5 Bxh4 29. Re6 Bg5 30. Kc2 Rd8 31. Re2 b5 32. cxb5 axb5 33.
Bd3 Rf8 34. Be4 Rd8 35. Bd3 1/2-1/2

[Event "III Open del Martedi' B"]
[Site "Torino ITA"]
[Date "2013.10.29"]
[Round "7"]
[White "Gussone, Claudio"]
[Black "Blundo, Michele"]
[WhiteElo "1763"]
[BlackElo "1688"]
[Result "1-0"]
[PlyCount "73"]
[EventDate "2013.09.17"]

1. Nf3 Nf6 2. g3 e6 3. c4 d5 4. Bg2 c6 5. d4 Be7 6. O-O O-O 7. cxd5 exd5 8. Nc3
Re8 9. a3 Nbd7 10. b4 Bf8 11. b5 cxb5 12. Nxb5 a6 13. Nc3 b5 14. Bf4 Bb7 15. e3
Rc8 16. Qb3 Nb6 17. Bh3 Ra8 18. Ra2 Nc4 19. a4 b4 20. Nb1 a5 21. Nfd2 Nh5 22.
Nxc4 dxc4 23. Qxc4 Nxf4 24. gxf4 Bd5 25. Qe2 Bxa2 26. Qxa2 Ra6 27. Rc1 Qa8 28.
d5 Rg6+ 29. Bg2 Rc8 30. Re1 Qa6 31. Nd2 Qd3 32. Nf3 Rc2 33. Qb1 Qc3 34. Nd4 Rb2
35. Qa1 Qd2 36. Re2 Ra2 37. Qf1 1-0

[Event "III Open del Martedi' B"]
[Site "Torino ITA"]
[Date "2013.10.29"]
[Round "7"]
[White "Plenzick, Angelo"]
[Black "Castelli, Giovanni"]
[WhiteElo "1752"]
[BlackElo "1610"]
[Result "1/2-1/2"]
[PlyCount "105"]
[EventDate "2013.09.17"]

1. f4 e5 2. fxe5 Nc6 3. Nf3 d6 4. exd6 Bxd6 5. d4 Bg4 6. Qd3 Bxf3 7. Qxf3 Qh4+
8. g3 Qxd4 9. c3 Qb6 10. Qe3+ Qxe3 11. Bxe3 Nf6 12. Bh3 O-O 13. Nd2 Ne5 14. Bg5
Neg4 15. Bxf6 Nxf6 16. O-O-O Rfe8 17. Rde1 Re7 18. e4 Rae8 19. Bg2 Ng4 20. Re2
Ne5 21. Kc2 c6 22. Bh3 b5 23. Rhe1 g6 24. a3 a5 25. Ra1 a4 26. Rf1 Bc5 27. Rfe1
Rd8 28. Rf1 Kg7 29. Rf4 Bd6 30. Rf1 Bc5 31. Rf4 h6 32. Rf1 Bb6 33. Rf4 Bc7 34.
Rf1 Rde8 35. Rd1 Bd8 36. Rf1 Bb6 37. Rf4 h5 38. Rf1 f6 39. Rd1 Rd8 40. Rf1 Rd6
41. Nf3 Nc4 42. Rfe1 Ne5 43. Nxe5 Rxe5 44. Rd1 Rxd1 45. Kxd1 Kf7 46. Bd7 Rc5
47. Rd2 Ke7 48. Bh3 Kf8 49. Rd6 Ke7 50. Rd7+ Ke8 51. Rd6 Ke7 52. Rd7+ Ke8 53.
Rd6 1/2-1/2

[Event "III Open del Martedi' B"]
[Site "Torino ITA"]
[Date "2013.10.29"]
[Round "7"]
[White "Tondo, Stefano"]
[Black "Femia, Nicola"]
[WhiteElo "1751"]
[BlackElo "1828"]
[Result "0-1"]
[PlyCount "96"]
[EventDate "2013.09.17"]

1. e4 c5 2. d4 cxd4 3. c3 dxc3 4. Nxc3 Nc6 5. Nf3 e6 6. Bc4 Bb4 7. O-O Bxc3 8.
bxc3 Nge7 9. Qd6 O-O 10. Bg5 h6 11. Bh4 Re8 12. Rfd1 Qa5 13. Rd3 Ng6 14. Bg3
Qa4 15. Bb3 Qxe4 16. Re1 Qf5 17. Rd5 Qf6 18. Re3 Nce7 19. Be5 Nxe5 20. Rexe5
Nxd5 21. Bxd5 Qe7 22. Qb4 Kf8 23. Qb1 d6 24. Qh7 Qf6 25. Re3 Qg6 26. Qxg6 fxg6
27. Be4 g5 28. Bg6 Re7 29. Nd4 Bd7 30. Rf3+ Kg8 31. Re3 Rc8 32. Be4 Rc7 33. Kf1
a6 34. Bd5 Kf7 35. Rf3+ Ke8 36. Be4 Bb5+ 37. Ke1 d5 38. Bg6+ Kd7 39. Re3 Bc4
40. a3 Rc5 41. Kd2 Ra5 42. Nc2 Rb5 43. Nd4 Rb2+ 44. Ke1 Ra2 45. Nxe6 Kd6 46.
Bf5 Rxa3 47. Rg3 Rxe6+ 48. Bxe6 Kxe6 0-1

[Event "III Open del Martedi' C"]
[Site "Torino ITA"]
[Date "2013.09.17"]
[Round "1"]
[White "Fassio, Francesco"]
[Black "Chianale, Angelo"]
[WhiteElo "1665"]
[BlackElo "1491"]
[Result "1-0"]
[PlyCount "81"]
[EventDate "2013.09.17"]

1. c4 f5 2. Nf3 Nf6 3. Nc3 g6 4. g3 Bg7 5. Bg2 O-O 6. O-O d6 7. d4 Nc6 8. d5
Na5 9. b3 Ne4 10. Nxe4 Bxa1 11. Neg5 Bg7 12. Nd4 Bxd4 13. Qxd4 c5 14. Qc3 b6
15. Bb2 Rf6 16. e4 Qf8 17. e5 dxe5 18. Qxe5 Kg7 19. Ne6+ Bxe6 20. Qxe6 Qf7 21.
Re1 Qxe6 22. Rxe6 Kf7 23. Bxf6 exf6 24. f4 Rd8 25. Kf2 Nb7 26. Ke3 Nd6 27. Kd3
Re8 28. Rxd6 Ke7 29. Re6+ Kf7 30. Rxe8 Kxe8 31. Kc3 Kd7 32. b4 Kd6 33. Kb3 h6
34. Ka4 a6 35. Bf3 g5 36. Kb3 b5 37. a3 cxb4 38. cxb5 bxa3 39. bxa6 Kc7 40. d6+
Kxd6 41. a7 1-0

[Event "III Open del Martedi' C"]
[Site "Torino ITA"]
[Date "2013.09.17"]
[Round "1"]
[White "Ingaramo, Alessandro"]
[Black "Liviabella, Lucio"]
[WhiteElo "1628"]
[BlackElo "1557"]
[Result "1/2-1/2"]
[PlyCount "163"]
[EventDate "2013.09.17"]

1. c4 c5 2. Nc3 Nc6 3. Nf3 d6 4. d3 Bg4 5. h3 Bxf3 6. exf3 g6 7. Be2 Bg7 8. O-O
Nf6 9. b3 O-O 10. Bb2 a6 11. Rb1 Rb8 12. f4 Nd7 13. Bf3 Bh6 14. Ne2 e6 15. g3
Ne7 16. d4 b6 17. dxc5 dxc5 18. Re1 Nf5 19. Kg2 Qe7 20. Qd3 Rbd8 21. Qc3 Bg7
22. Qc2 Nf6 23. Ng1 h5 24. h4 Nd4 25. Bxd4 Rxd4 26. Rbd1 Rfd8 27. Rxd4 Rxd4 28.
Rd1 Ne8 29. Rxd4 Bxd4 30. Ne2 Bf6 31. Qd3 Nd6 32. Nc3 e5 33. fxe5 Qxe5 34. Nd5
Bd8 35. Qe3 Qe6 36. Qxe6 fxe6 37. Nf4 Kf7 38. Kh3 Nf5 39. Be4 g5 40. hxg5 Bxg5
41. Nxh5 Ne7 42. f4 Bh6 43. g4 Bf8 44. g5 Ng6 45. Bxg6+ Kxg6 46. Kg4 Be7 47.
Ng3 b5 48. cxb5 axb5 49. Ne4 c4 50. bxc4 bxc4 51. Kf3 Ba3 52. Nc3 Bb2 53. Ne2
e5 54. fxe5 Bxe5 55. Kg4 Bc7 56. a4 Bd8 57. Nf4+ Kf7 58. Ne2 Ba5 59. Kf5 c3 60.
Nd4 Bb6 61. g6+ Kg7 62. Nc2 Ba5 63. Na3 Bb4 64. Nc2 Ba5 65. Kg5 Bd8+ 66. Kf5
Ba5 67. Nd4 Bb6 68. Ne6+ Kg8 69. Nf4 Ba5 70. Ke4 Kg7 71. Kd3 Kf6 72. Nd5+ Kxg6
73. Nxc3 Kf7 74. Kc4 Ke8 75. Nd5 Kd7 76. Kb5 Be1 77. Nb4 Kc8 78. a5 Bf2 79. a6
Kc7 80. Nd5+ Kb8 81. Nb6 Bxb6 82. Kxb6 1/2-1/2

[Event "III Open del Martedi' C"]
[Site "Torino ITA"]
[Date "2013.09.17"]
[Round "1"]
[White "Tomanin, Roberto"]
[Black "Fiorito, Giovanni"]
[WhiteElo "1600"]
[BlackElo "1583"]
[Result "0-1"]
[PlyCount "62"]
[EventDate "2013.09.17"]

1. e4 c5 2. d4 cxd4 3. Qxd4 Nc6 4. Qd1 Nf6 5. Nc3 e6 6. Bd3 d5 7. Bg5 d4 8. Na4
Qa5+ 9. c3 Qxg5 10. g3 a6 11. cxd4 Nxd4 12. Nc3 b5 13. a3 Be7 14. Nce2 Nxe2 15.
Qxe2 O-O 16. Nf3 Qc5 17. O-O Bb7 18. Rac1 Qb6 19. Ng5 e5 20. h4 Rfd8 21. Nf3
Nd7 22. Kh2 Rac8 23. Rcd1 Qc7 24. h5 Nc5 25. Bb1 Bf8 26. Nh4 Ne6 27. Nf5 Nd4
28. Qg4 Nxf5 29. exf5 Qc6 30. f3 Rxd1 31. Rxd1 Qxf3 0-1

[Event "III Open del Martedi' C"]
[Site "Torino ITA"]
[Date "2013.09.17"]
[Round "1"]
[White "Vittoria, Giuseppe"]
[Black "Vozza, Augusto"]
[WhiteElo "1621"]
[BlackElo "1577"]
[Result "1-0"]
[PlyCount "89"]
[EventDate "2013.09.17"]

1. e4 c6 2. d4 d5 3. Nc3 dxe4 4. Nxe4 Bf5 5. Ng3 Bg6 6. Nf3 Nd7 7. Be3 h6 8.
Bd3 Bxd3 9. Qxd3 e6 10. O-O-O Ngf6 11. Kb1 Qc7 12. h3 O-O-O 13. c4 Nc5 14. Qc2
Na6 15. a3 Bd6 16. Ne2 Qe7 17. c5 Bc7 18. Nc3 Nd5 19. Nxd5 Rxd5 20. h4 Rhd8 21.
Rhg1 Qd7 22. Kc1 f6 23. g4 Qe7 24. g5 Rf5 25. Qe2 Rf8 26. gxh6 gxh6 27. Bxh6
Bf4+ 28. Bxf4 Rxf4 29. Qe3 e5 30. Rde1 Qf7 31. Kb1 Nc7 32. dxe5 fxe5 33. Ng5
Qf5+ 34. Ka1 Rxf2 35. Ne4 Kb8 36. Nxf2 Nd5 37. Qg3 Qxf2 38. Qxf2 Rxf2 39. Rxe5
a6 40. Rh1 Rf8 41. h5 Rh8 42. h6 Nf6 43. Rg5 Ka7 44. Rf5 Ng4 45. h7 1-0

[Event "III Open del Martedi' C"]
[Site "Torino ITA"]
[Date "2013.09.24"]
[Round "2"]
[White "Fassio, Francesco"]
[Black "Ingaramo, Alessandro"]
[WhiteElo "1665"]
[BlackElo "1628"]
[Result "1-0"]
[PlyCount "107"]
[EventDate "2013.09.17"]

1. d4 d5 2. c4 e6 3. Nc3 Nf6 4. Bg5 Be7 5. Nf3 h6 6. Bh4 dxc4 7. e4 O-O 8. Bxc4
c6 9. O-O Nbd7 10. Rc1 Nb6 11. Bd3 Bd7 12. Qc2 Ne8 13. Bxe7 Qxe7 14. Ne2 Nc7
15. Ne5 Be8 16. Rfd1 f6 17. Nc4 Nxc4 18. Bxc4 Bf7 19. Ng3 Rad8 20. Qe2 Qe8 21.
Qf3 Na8 22. Be2 Nb6 23. b3 Bg6 24. Qc3 Rd7 25. Rd2 Qe7 26. Bh5 Qf7 27. Bxg6
Qxg6 28. Qa5 Nc8 29. f3 a6 30. Rcd1 Rfd8 31. Ne2 Ne7 32. Qb4 Qf7 33. Kf2 Ng6
34. Ke1 e5 35. dxe5 Nxe5 36. Rxd7 Rxd7 37. Rxd7 Qxd7 38. Nc1 Kf7 39. f4 Ng6 40.
g3 Ne7 41. Ke2 Ke8 42. Nd3 Qc7 43. Nc5 a5 44. Qc4 Qb6 45. a3 Qb5 46. Qxb5 cxb5
47. Nxb7 Nc6 48. Nd6+ Kd7 49. Nxb5 Ke6 50. Kd3 f5 51. exf5+ Kxf5 52. Nd4+ Nxd4
53. Kxd4 Kg4 54. b4 1-0

[Event "III Open del Martedi' C"]
[Site "Torino ITA"]
[Date "2013.09.24"]
[Round "2"]
[White "Liviabella, Lucio"]
[Black "Vittoria, Giuseppe"]
[WhiteElo "1557"]
[BlackElo "1621"]
[Result "1-0"]
[PlyCount "134"]
[EventDate "2013.09.17"]

1. e4 e5 2. Bc4 Bc5 3. Qe2 Nf6 4. Bxf7+ Ke7 5. Bb3 Nc6 6. Qc4 Bxf2+ 7. Kxf2
Ng4+ 8. Ke1 Rf8 9. Nf3 d6 10. d3 h6 11. h3 Nf6 12. Bd2 a6 13. a4 Nh5 14. Nc3
Ke8 15. Nd5 Bd7 16. d4 Ng3 17. Rh2 exd4 18. Nf4 Qe7 19. Ne6 Bxe6 20. Qxe6 Qxe6
21. Bxe6 Ke7 22. Bd5 Rab8 23. Kf2 Nh5 24. Bxc6 bxc6 25. b3 c5 26. g4 Nf4 27.
Kg3 Ne6 28. Rf2 Nd8 29. Nh4 Rxf2 30. Kxf2 Nc6 31. Ke2 Ne5 32. Nf5+ Kf7 33. Rf1
Kg6 34. g5 hxg5 35. Ne7+ Kh7 36. Bxg5 d3+ 37. Kd2 dxc2 38. Kxc2 c6 39. Rf4 Ng6
40. Nxg6 Kxg6 41. Be7 d5 42. Bxc5 dxe4 43. Rxe4 Rb7 44. Re6+ Kf5 45. Rxc6 g5
46. Rxa6 Rh7 47. Be7 Rxe7 48. Rh6 Re2+ 49. Kd3 Rg2 50. a5 Rb2 51. a6 Ke5 52. a7
Ra2 53. Rh7 Kf6 54. b4 Kg6 55. Rc7 Kh5 56. b5 Ra3+ 57. Kc4 Ra4+ 58. Kb3 Ra5 59.
Kb4 Ra1 60. b6 Rb1+ 61. Kc5 Rc1+ 62. Kd6 Rd1+ 63. Kc6 Ra1 64. Kb7 Ra3 65. a8=Q
Rxa8 66. Kxa8 Kh4 67. Rh7+ Kg3 1-0

[Event "III Open del Martedi' C"]
[Site "Torino ITA"]
[Date "2013.09.24"]
[Round "2"]
[White "Vozza, Augusto"]
[Black "Tomanin, Roberto"]
[WhiteElo "1577"]
[BlackElo "1600"]
[Result "1/2-1/2"]
[PlyCount "47"]
[EventDate "2013.09.17"]

1. e4 e5 2. Nf3 Nc6 3. Bb5 Nd4 4. Nxd4 exd4 5. d3 Nf6 6. Nd2 Be7 7. Nf3 c6 8.
Bc4 d5 9. exd5 Nxd5 10. a3 Bg4 11. h3 Bxf3 12. Qxf3 O-O 13. Bd2 Bg5 14. O-O-O
Bxd2+ 15. Rxd2 Qa5 16. Bxd5 cxd5 17. Qd1 b5 18. Re2 b4 19. Qd2 Rab8 20. Rhe1
Qa4 21. Qf4 bxa3 22. bxa3 Qxa3+ 23. Kd2 Qc3+ 24. Kc1 1/2-1/2